| 000 | 00853nam a22002657a 4500 | ||
|---|---|---|---|
| 003 | UA-OsUOA | ||
| 001 | 63218 | ||
| 007 | ta | ||
| 008 | 20090918b un ||||| |||| 00| 0 ukr d | ||
| 090 |
_a02 _bЛ67 |
||
| 942 | _cMG | ||
| 040 |
_aUA-OsUOA _bukr _cUA-OsUOA _dUA-OsUOA |
||
| 245 |
_aЛітопис газетних статтей _bДержавний бібліографічний покажчик України _cУкладач Зубріцька О.Л. |
||
| 300 | _a68 с. | ||
| 955 | _a1 | ||
| 041 | _aukr | ||
| 080 | _a02 | ||
| 022 | _a0130-917Х | ||
| 260 | _aК. | ||
| 246 | 3 | 1 |
_aДержавна наукова установа "Книжкова палата України імені Івана Федорова" _n |
| 044 | _aUA | ||
| 962 | _a1996 | ||
| 099 | _a74566 | ||
| 650 | 7 |
_a02 Бібліотечна справа _2UDC |
|
| 999 |
_c349315 _d349315 |
||